| 000 | 00368nam a2200121Ia 4500 | ||
|---|---|---|---|
| 008 | 220204s9999 xx 000 0 und d | ||
| 082 |
_a33(081.2) _bORT |
||
| 245 | 0 | _aHistory as it happened: Selected articles from monthly review 1949-1998 | |
| 260 |
_aKharagpur _bCornerstone Publications _c1999 |
||
| 700 | _aGupta, Tilak D | ||
| 700 | _aOrtiz, Bobbye S | ||
| 942 | _cBK | ||
| 999 |
_c41648 _d41648 |
||